Good morning, Holy Spirit / (Record no. 451)

MARC details
000 -LEADER
fixed length control field 00970pam a2200301 a 4500
001 - CONTROL NUMBER
control field 4835260
003 - CONTROL NUMBER IDENTIFIER
control field GBCCL
005 - DATE AND TIME OF LATEST TRANSACTION
control field 20241126110338.0
008 - FIXED-LENGTH DATA ELEMENTS--GENERAL INFORMATION
fixed length control field 900430s1990 tnu 000 0aeng
010 ## -
-- 90037902
020 ## - INTERNATIONAL STANDARD BOOK NUMBER
International Standard Book Number 8176610399
040 ## - CATALOGING SOURCE
Original cataloging agency DLC
Transcribing agency DLC
Modifying agency DLC
043 ## -
-- n-us---
050 00 -
-- BX8762.Z8
-- H55 1990
082 00 - DEWEY DECIMAL CLASSIFICATION NUMBER
Classification number 289.94092
-- B
Edition information 20
Item number HIN
100 1# - MAIN ENTRY--PERSONAL NAME
Personal name Hinn, Benny.
245 10 - TITLE STATEMENT
Title Good morning, Holy Spirit /
Statement of responsibility, etc. Benny Hinn.
260 ## - PUBLICATION, DISTRIBUTION, ETC.
Place of publication, distribution, etc. Secunderabad :
Name of publisher, distributor, etc. Ben publishing,
Date of publication, distribution, etc. c2003.
300 ## - PHYSICAL DESCRIPTION
Extent 177 p. ;
Dimensions 22 cm.
500 ## - GENERAL NOTE
General note originally published by Thomas nelson Inc.
600 10 - SUBJECT ADDED ENTRY--PERSONAL NAME
Personal name Hinn, Benny.
650 #0 - SUBJECT ADDED ENTRY--TOPICAL TERM
Topical term or geographic name entry element Pentecostal churches
Geographic subdivision United States
General subdivision Clergy
Form subdivision Biography.
650 #0 - SUBJECT ADDED ENTRY--TOPICAL TERM
Topical term or geographic name entry element Evangelists
Geographic subdivision United States
Form subdivision Biography.
650 #0 - SUBJECT ADDED ENTRY--TOPICAL TERM
Topical term or geographic name entry element Holy Spirit.
906 ## - LOCAL DATA ELEMENT F, LDF (RLIN)
a 7
b cbc
c orignew
d 1
e ocip
f 19
g y-gencatlg
942 ## - ADDED ENTRY ELEMENTS (KOHA)
Source of classification or shelving scheme Dewey Decimal Classification
Koha item type Books
Koha issues (borrowed), all copies 1
Holdings
Withdrawn status Lost status Source of classification or shelving scheme Damaged status Not for loan Home library Current Library Shelving location Date acquired Total checkouts Full call number Barcode Date last seen Date last checked out Copy number Price effective from Koha item type
    Dewey Decimal Classification     GRACE BIBLE COLLEGE GRACE BIBLE COLLEGE Church History 2016-10-28 1 289.94092 HIN 013238 2025-05-01 2018-05-15 c.1 2016-10-28 Books
© Grace Bible College Library 2025